[Event "13. Dubai open 2011"]
[Site "Dubai UAE"]
[Date "2011.04.16"]
[Round "7.29"]
[White "Huschenbeth, Niclas"]
[Black "Atabayev, Maksat"]
[Result "1-0"]
[WhiteElo "2465"]
[BlackElo "2355"]
[PlyCount "125"]
[EventDate "2011.04.10"]
[EventType "swiss"]
[EventRounds "9"]
[EventCountry "UAE"]
[Source "lmi"]
[SourceDate "2011.04.09"]

1. e4 e6 2. d4 d5 3. Nd2 c5 4. exd5 Qxd5 5. Ngf3 cxd4 6. Bc4 Qd6 7. O-O Nf6 8.
Nb3 Nc6 9. Nbxd4 Nxd4 10. Nxd4 a6 11. Re1 Qc7 12. Qe2 Bd6 13. Bg5 O-O 14. Bxf6
gxf6 15. Bd3 f5 16. Qh5 Qd8 17. Qh6 Kh8 18. Rad1 Rg8 19. Nf3 Rg6 20. Qe3 Qf6
21. Bf1 Bb8 22. b4 Rg8 23. c4 Re8 24. c5 e5 25. Bc4 f4 26. Qe4 Bc7 27. Bd3 Qh6
28. Qd5 Qf6 29. Nd2 Rd8 30. Ne4 Qe7 31. Qb3 Bg4 32. f3 Bh5 33. Nc3 Qg5 34. Be4
Rg8 35. Qc2 f5 36. Bxb7 Rab8 37. Bd5 Rg7 38. a3 e4 39. Kh1 Be5 40. Nxe4 fxe4
41. Bxe4 a5 42. Rb1 axb4 43. axb4 Bc3 44. Red1 Be8 45. Rd5 Qf6 46. Rd6 Qg5 47.
Rd5 Qf6 48. Rf5 Qd4 49. Rxf4 Bb5 50. g3 Qe3 51. c6 Rc7 52. Rc1 Bd4 53. Rf5 Ba4
54. Qc4 Bb3 55. Qf1 Be6 56. Rh5 Rf8 57. Re1 Qb3 58. Qd3 Qxb4 59. Rd1 Bf6 60.
Bxh7 Rd8 61. Bf5+ Kg7 62. Rh7+ Kg8 63. Qxd8+ 1-0

[Event "13. Dubai open 2011"]
[Site "Dubai UAE"]
[Date "2011.04.16"]
[Round "7.30"]
[White "Roy, Chowdhury Saptarshi"]
[Black "Nemcova, Katerina"]
[Result "1-0"]
[WhiteElo "2459"]
[BlackElo "2289"]
[PlyCount "59"]
[EventDate "2011.04.10"]
[EventType "swiss"]
[EventRounds "9"]
[EventCountry "UAE"]
[Source "lmi"]
[SourceDate "2011.04.09"]

1. e4 e5 2. Nf3 Nc6 3. Bc4 Nf6 4. d3 Be7 5. O-O O-O 6. Bb3 d6 7. c3 h6 8. Nbd2
Nh7 9. Nc4 Ng5 10. Nxg5 Bxg5 11. f4 exf4 12. Bxf4 Bxf4 13. Rxf4 Qg5 14. Qf3 Be6
15. d4 Na5 16. Ne3 Nxb3 17. axb3 Kh8 18. Rf1 Rae8 19. b4 c6 20. Ra1 d5 21. e5
a6 22. Rf1 Kg8 23. h4 Qg6 24. Nf5 Kh7 25. Qd3 Kh8 26. R1f3 Qh7 27. Qf1 g6 28.
Nd6 Re7 29. Rf6 Kg8 30. Nxb7 1-0

[Event "13. Dubai open 2011"]
[Site "Dubai UAE"]
[Date "2011.04.16"]
[Round "7.31"]
[White "Koohestani, Sh"]
[Black "Gutov, Andrey"]
[Result "1-0"]
[WhiteElo "2345"]
[BlackElo "2445"]
[PlyCount "53"]
[EventDate "2011.04.10"]
[EventType "swiss"]
[EventRounds "9"]
[EventCountry "UAE"]
[Source "lmi"]
[SourceDate "2011.04.09"]

1. d4 Nf6 2. c4 c5 3. d5 b5 4. cxb5 a6 5. b6 d6 6. Nc3 g6 7. Nf3 Nbd7 8. e4 Bg7
9. Be2 O-O 10. O-O Nxb6 11. h3 e6 12. dxe6 Bxe6 13. Ng5 Bc8 14. Be3 Bb7 15. Bf4
h6 16. Nf3 d5 17. exd5 Nfxd5 18. Nxd5 Nxd5 19. Qd2 Re8 20. Bc4 g5 21. Bg3 Re4
22. Rac1 Nf4 23. Rfd1 Bd4 24. Bxf4 gxf4 25. Bd3 Re3 26. Nxd4 Qg5 27. fxe3 1-0

[Event "13. Dubai open 2011"]
[Site "Dubai UAE"]
[Date "2011.04.16"]
[Round "7.32"]
[White "Cherednichenko, Svetlana"]
[Black "Khukhashvili, Sopiko"]
[Result "1/2-1/2"]
[WhiteElo "2278"]
[BlackElo "2421"]
[PlyCount "54"]
[EventDate "2011.04.10"]
[EventType "swiss"]
[EventRounds "9"]
[EventCountry "UAE"]
[Source "lmi"]
[SourceDate "2011.04.09"]

1. d4 Nf6 2. Nf3 e6 3. e3 c5 4. Bd3 b6 5. O-O Bb7 6. b3 Be7 7. Bb2 O-O 8. c4
cxd4 9. exd4 d5 10. Nbd2 Nc6 11. Rc1 Rc8 12. Re1 Re8 13. Ne5 dxc4 14. Nxc6 Bxc6
15. bxc4 Qd7 16. Re3 b5 17. c5 Qd5 18. Rg3 Qxa2 19. Qc2 Qd5 20. Re1 h6 21. Nf3
a6 22. Ne5 Rf8 23. Bc1 Kh8 24. Qd2 Ba8 25. Bg6 Kg8 26. Bc2 Kh8 27. Bg6 Kg8
1/2-1/2

[Event "13. Dubai open 2011"]
[Site "Dubai UAE"]
[Date "2011.04.16"]
[Round "7.33"]
[White "Swapnil, S  Dhopade"]
[Black "Saduakassova, Dinara"]
[Result "1-0"]
[WhiteElo "2411"]
[BlackElo "2208"]
[PlyCount "81"]
[EventDate "2011.04.10"]
[EventType "swiss"]
[EventRounds "9"]
[EventCountry "UAE"]
[Source "lmi"]
[SourceDate "2011.04.09"]

1. d4 Nf6 2. c4 e6 3. Nf3 d5 4. e3 c5 5. Nc3 Nc6 6. cxd5 exd5 7. Be2 Be7 8.
dxc5 Bxc5 9. O-O O-O 10. b3 Be6 11. Bb2 Rc8 12. Rc1 Qe7 13. Nb5 Ne4 14. Nfd4
Nxd4 15. Bxd4 Bxd4 16. Nxd4 Qa3 17. f3 Nc3 18. Qd2 Qxa2 19. Qxa2 Nxa2 20. Ra1
Nb4 21. Rxa7 Nc2 22. Rxb7 Nxe3 23. Ra1 Nc2 24. Nxe6 Nxa1 25. Nxf8 Kxf8 26. b4
d4 27. Rd7 Rc2 28. Bd3 Rc1+ 29. Kf2 Nb3 30. Be4 Ke8 31. Ra7 Rc4 32. Rb7 Nc1 33.
b5 d3 34. Ke3 Rb4 35. Kd2 Nb3+ 36. Kxd3 Nc5+ 37. Kc3 Ra4 38. Bc6+ Kf8 39. Rc7
Ne6 40. b6 Ra3+ 41. Kb2 1-0

[Event "13. Dubai open 2011"]
[Site "Dubai UAE"]
[Date "2011.04.16"]
[Round "7.34"]
[White "Semiev, Suhrab"]
[Black "Sanal, Vahap"]
[Result "1/2-1/2"]
[WhiteElo "2406"]
[BlackElo "2200"]
[PlyCount "44"]
[EventDate "2011.04.10"]
[EventType "swiss"]
[EventRounds "9"]
[EventCountry "UAE"]
[Source "lmi"]
[SourceDate "2011.04.09"]

1. d4 Nf6 2. g3 e6 3. Bg2 d5 4. Nf3 Bd6 5. O-O O-O 6. b3 c6 7. c4 Nbd7 8. Nc3
b6 9. Qc2 Bb7 10. Bb2 Rc8 11. e4 dxe4 12. Nxe4 Nxe4 13. Qxe4 Nf6 14. Qh4 Qe7
15. Rad1 Rfd8 16. Ne5 c5 17. dxc5 Bxc5 18. Ng4 Ne4 19. Qxe7 Bxe7 20. Ne5 Bc5
21. Nd7 Be7 22. Ne5 Bc5 1/2-1/2

[Event "13. Dubai open 2011"]
[Site "Dubai UAE"]
[Date "2011.04.16"]
[Round "7.35"]
[White "Kowsarinia, Amir"]
[Black "Satyaragyan, Swayangsu"]
[Result "1-0"]
[WhiteElo "2168"]
[BlackElo "2459"]
[PlyCount "61"]
[EventDate "2011.04.10"]
[EventType "swiss"]
[EventRounds "9"]
[EventCountry "UAE"]
[Source "lmi"]
[SourceDate "2011.04.09"]

1. Nf3 e6 2. c4 Nf6 3. g3 d5 4. d4 Bb4+ 5. Nbd2 O-O 6. Bg2 dxc4 7. Qc2 c5 8.
dxc5 c3 9. bxc3 Bxc5 10. O-O Nc6 11. Nc4 Qe7 12. Bf4 Nd5 13. Bd2 f6 14. Rab1
Nb6 15. Nxb6 Bxb6 16. Nh4 Bd7 17. Be4 f5 18. Bg2 Rac8 19. Rfd1 Kh8 20. Bf4 e5
21. Be3 Bxe3 22. fxe3 Be6 23. e4 f4 24. Nf5 Bxf5 25. exf5 fxg3 26. hxg3 Nd4 27.
Qe4 Rxc3 28. Rxb7 Qf6 29. Qg4 Nxf5 30. Rf1 Rxg3 31. Qxf5 1-0

[Event "13. Dubai open 2011"]
[Site "Dubai UAE"]
[Date "2011.04.16"]
[Round "7.36"]
[White "Guliev, Logman"]
[Black "Ghader Pour, Shayesteh"]
[Result "1-0"]
[WhiteElo "2468"]
[BlackElo "2241"]
[PlyCount "81"]
[EventDate "2011.04.10"]
[EventType "swiss"]
[EventRounds "9"]
[EventCountry "UAE"]
[Source "lmi"]
[SourceDate "2011.04.09"]

1. e4 c5 2. Nf3 e6 3. d4 cxd4 4. Nxd4 a6 5. Bd3 Bc5 6. Nb3 Ba7 7. Qe2 d6 8. Nc3
Nc6 9. Be3 Bxe3 10. Qxe3 Nf6 11. O-O-O Qc7 12. Be2 O-O 13. g4 Rd8 14. g5 Nd7
15. Qg3 Nf8 16. h4 b5 17. h5 b4 18. Na4 e5 19. g6 fxg6 20. h6 Be6 21. Qe3 Ne7
22. hxg7 Kxg7 23. f4 exf4 24. Qxf4 Nc6 25. Rdf1 Rd7 26. Rd1 Ne5 27. Nd4 Bf7 28.
Rdg1 Bg8 29. Qh4 Qd8 30. Nf5+ Kh8 31. Nb6 gxf5 32. Nxa8 Qxh4 33. Rxh4 Nfg6 34.
Rh2 fxe4 35. Nb6 Rc7 36. b3 Rc6 37. Nc4 Bxc4 38. Bxc4 Nf3 39. Rxg6 Rxc4 40.
bxc4 Nxh2 41. Rxd6 1-0

[Event "13. Dubai open 2011"]
[Site "Dubai UAE"]
[Date "2011.04.16"]
[Round "7.37"]
[White "Das, Sayantan"]
[Black "Abbasifar, Hasan"]
[Result "1-0"]
[WhiteElo "2268"]
[BlackElo "2467"]
[PlyCount "120"]
[EventDate "2011.04.10"]
[EventType "swiss"]
[EventRounds "9"]
[EventCountry "UAE"]
[Source "lmi"]
[SourceDate "2011.04.09"]

1. e4 e5 2. Nf3 Nc6 3. Bb5 Nf6 4. O-O Nxe4 5. d4 Nd6 6. Bxc6 dxc6 7. dxe5 Nf5
8. Qxd8+ Kxd8 9. Nc3 Ne7 10. h3 h6 11. Be3 b6 12. Rad1+ Ke8 13. Nd4 Bd7 14. f4
Nf5 15. Bf2 Nxd4 16. Bxd4 Bf5 17. Rf2 h5 18. Rfd2 Rd8 19. Ne2 h4 20. Bf2 Rxd2
21. Rxd2 c5 22. Nc3 c6 23. Nd1 Be7 24. Ne3 Be6 25. c4 f5 26. exf6 Bxf6 27. b3
Ke7 28. Re2 Kf7 29. Ng4 Bxg4 30. hxg4 g5 31. f5 Rd8 32. Kh2 Rd1 33. g3 hxg3+
34. Kxg3 Be7 35. Be3 Ra1 36. Rd2 Ke8 37. Kf3 Re1 38. Re2 Rxe2 39. Kxe2 Kf7 40.
Kf3 Kf6 41. Ke4 Bd6 42. Bd2 a6 43. Bc3+ Kf7 44. Be5 Be7 45. Bc7 b5 46. cxb5
axb5 47. Ke5 Bf6+ 48. Ke4 Be7 49. Be5 Bf8 50. Kd3 Be7 51. Kc2 Bf8 52. a4 c4 53.
a5 cxb3+ 54. Kxb3 Bc5 55. Bb8 Kf6 56. a6 Bb6 57. a7 Bxa7 58. Bxa7 Ke5 59. Kb4
Kd5 60. Be3 c5+ 1-0

[Event "13. Dubai open 2011"]
[Site "Dubai UAE"]
[Date "2011.04.16"]
[Round "7.38"]
[White "Anwesh, Upadhyaya"]
[Black "El Arousy, Abdul Hameed"]
[Result "1/2-1/2"]
[WhiteElo "2432"]
[BlackElo "2238"]
[PlyCount "106"]
[EventDate "2011.04.10"]
[EventType "swiss"]
[EventRounds "9"]
[EventCountry "UAE"]
[Source "lmi"]
[SourceDate "2011.04.09"]

1. d4 d5 2. Nf3 e6 3. c4 Nf6 4. e3 c6 5. Nbd2 Nbd7 6. Bd3 c5 7. O-O Be7 8. b3
O-O 9. Bb2 b6 10. Qe2 Bb7 11. Rfd1 Rc8 12. Rac1 Rc7 13. Bb1 Qa8 14. dxc5 bxc5
15. cxd5 exd5 16. Nf1 Re8 17. Ne5 Nf8 18. Ng3 g6 19. Ng4 Nxg4 20. Qxg4 Qd8 21.
b4 Bf6 22. Bxf6 Qxf6 23. Rxc5 Rxc5 24. bxc5 Rc8 25. Qa4 a6 26. Qb4 Qe7 27. Rc1
Ne6 28. Ne2 Rxc5 29. Rxc5 Nxc5 30. h4 Qc7 31. Bc2 Ne6 32. Bb3 a5 33. Qd2 Qc5
34. h5 Bc6 35. hxg6 hxg6 36. e4 Nc7 37. Nf4 dxe4 38. Nxg6 Kg7 39. Nf4 a4 40.
Bd1 Nd5 41. Nh5+ Kg6 42. Qe2 f5 43. Ng3 Nf4 44. Qd2 Nd3 45. Bh5+ Kh7 46. Bd1 f4
47. Nf1 Qc1 48. Qe2 Kg6 49. Bc2 Nc5 50. Qg4+ Kf6 51. Qh4+ Ke6 52. Qh3+ Kd6 53.
Qh6+ Kc7 1/2-1/2

[Event "13. Dubai open 2011"]
[Site "Dubai UAE"]
[Date "2011.04.16"]
[Round "7.40"]
[White "Saleh, Najeeb"]
[Black "Shiven, Khosla"]
[Result "0-1"]
[WhiteElo "2194"]
[BlackElo "2391"]
[PlyCount "100"]
[EventDate "2011.04.10"]
[EventType "swiss"]
[EventRounds "9"]
[EventCountry "UAE"]
[Source "lmi"]
[SourceDate "2011.04.09"]

1. Nf3 Nf6 2. c4 g6 3. Nc3 Bg7 4. g3 O-O 5. Bg2 d6 6. d4 c6 7. O-O Nbd7 8. e4
e5 9. Rb1 exd4 10. Nxd4 Nc5 11. h3 Re8 12. Re1 Nfd7 13. b3 Ne5 14. Be3 Ne6 15.
Nde2 f5 16. exf5 gxf5 17. Qc2 Nf7 18. Nf4 Nxf4 19. Bxf4 Be6 20. Rbd1 Qf6 21.
Ne2 Rad8 22. Be3 a6 23. Bb6 Rc8 24. Bd4 Qh6 25. Be3 Qf6 26. Bd4 Qh6 27. Bxg7
Qxg7 28. Nf4 Bd7 29. Qd2 Rxe1+ 30. Rxe1 Re8 31. Rxe8+ Bxe8 32. Kh2 Qe5 33. a4
b6 34. b4 h6 35. a5 bxa5 36. bxa5 Qc5 37. Qb2 Qxa5 38. Qb8 Qd8 39. Qb7 Ne5 40.
Ne6 Qf6 41. Qc8 Qe7 42. f4 Qd7 43. Qxd7 Bxd7 44. fxe5 Bxe6 45. exd6 Bd7 46. c5
Kg7 47. Bf1 a5 48. Bc4 Kf6 49. Kg1 Ke5 50. Kf2 Kd4 0-1

[Event "13. Dubai open 2011"]
[Site "Dubai UAE"]
[Date "2011.04.16"]
[Round "7.41"]
[White "Hayrapetian, Ovik"]
[Black "Aboudi, Marwan"]
[Result "1-0"]
[WhiteElo "2390"]
[BlackElo "2184"]
[PlyCount "89"]
[EventDate "2011.04.10"]
[EventType "swiss"]
[EventRounds "9"]
[EventCountry "UAE"]
[Source "lmi"]
[SourceDate "2011.04.09"]

1. d4 Nf6 2. Nf3 e6 3. c4 d5 4. Nc3 Be7 5. Bg5 O-O 6. e3 h6 7. Bh4 Ne4 8. Bxe7
Qxe7 9. cxd5 Nxc3 10. bxc3 exd5 11. c4 dxc4 12. Bxc4 Bg4 13. O-O Nd7 14. h3 Bh5
15. Rb1 b6 16. Bb5 Rad8 17. Be2 c5 18. Qd2 Bxf3 19. Bxf3 cxd4 20. exd4 Nf6 21.
Rfd1 Rd6 22. d5 Rfd8 23. Rb3 Rc8 24. Qf4 Qc7 25. Kh2 Rcd8 26. Rbd3 Qc5 27. R1d2
b5 28. g4 Ne8 29. Kg2 a5 30. h4 Rf6 31. Qe3 Qd6 32. Rd4 Qb8 33. g5 hxg5 34.
hxg5 Rf5 35. g6 Nd6 36. Bg4 Re8 37. Qh3 fxg6 38. Bxf5 gxf5 39. Rh4 Kf7 40. Rc2
Qb7 41. Rc6 Qd7 42. Rh7 Rg8 43. Qh6 Ne4 44. Qg6+ Kf8 45. Rh5 1-0

[Event "13. Dubai open 2011"]
[Site "Dubai UAE"]
[Date "2011.04.16"]
[Round "7.42"]
[White "Somoff, Abdo"]
[Black "Alhuwar, Jasem"]
[Result "1-0"]
[WhiteElo "2172"]
[BlackElo "2334"]
[PlyCount "61"]
[EventDate "2011.04.10"]
[EventType "swiss"]
[EventRounds "9"]
[EventCountry "UAE"]
[Source "lmi"]
[SourceDate "2011.04.09"]

1. e4 g6 2. d4 Bg7 3. c4 c5 4. Ne2 cxd4 5. Nxd4 Qa5+ 6. Nc3 Nc6 7. Be3 Nf6 8.
Nb3 Qd8 9. f3 O-O 10. Qd2 d6 11. Be2 Be6 12. Nd5 Ne8 13. g4 Rc8 14. h4 Bd7 15.
h5 e6 16. Nc3 Ne5 17. c5 dxc5 18. Bxc5 Qc7 19. f4 Nc6 20. Nb5 Qb8 21. hxg6 hxg6
22. g5 a6 23. Bf3 axb5 24. Qh2 f6 25. Qh7+ Kf7 26. Rd1 Ne7 27. Rxd7 Rxc5 28.
Bh5 Rxg5 29. fxg5 Qg3+ 30. Kd1 Qxg5 31. Bxg6+ 1-0

[Event "13. Dubai open 2011"]
[Site "Dubai UAE"]
[Date "2011.04.16"]
[Round "7.43"]
[White "Arabi, Saeid"]
[Black "Abdulov, Orkhan Javanshir Og"]
[Result "0-1"]
[WhiteElo "2159"]
[BlackElo "2327"]
[PlyCount "96"]
[EventDate "2011.04.10"]
[EventType "swiss"]
[EventRounds "9"]
[EventCountry "UAE"]
[Source "lmi"]
[SourceDate "2011.04.09"]

1. d4 d6 2. Nf3 g6 3. c4 Bg7 4. g3 Nd7 5. Bg2 e5 6. Nc3 Ne7 7. O-O O-O 8. d5 h6
9. e4 f5 10. Ne1 a5 11. Nd3 b6 12. Bd2 fxe4 13. Nxe4 Nf5 14. b3 Nd4 15. Be3 Nf5
16. Bd2 Nc5 17. Nexc5 bxc5 18. Rb1 Nd4 19. f4 Bf5 20. Be3 exf4 21. Rxf4 Qd7 22.
Qd2 Rae8 23. Re1 Re7 24. Rff1 Rfe8 25. Bxd4 Bxd4+ 26. Kh1 Rxe1 27. Rxe1 a4 28.
Nf4 Kh7 29. Re2 a3 30. Qe1 Re5 31. h3 Qe7 32. Ne6 Bxe6 33. Rxe5 Bxe5 34. dxe6
Qxe6 35. Kh2 h5 36. Qe4 Qf6 37. Bf3 h4 38. Kg2 Bxg3 39. Qe2 Be5 40. Bg4 Qf4 41.
Qf3 Qh2+ 42. Kf1 Qxa2 43. Qf7+ Bg7 44. Bf5 Qa1+ 45. Kg2 Qb2+ 46. Kf1 Qc1+ 47.
Ke2 Qg5 48. Bb1 Qg2+ 0-1

[Event "13. Dubai open 2011"]
[Site "Dubai UAE"]
[Date "2011.04.16"]
[Round "7.44"]
[White "Marcos Marvin"]
[Black "Atabayev, Yusup"]
[Result "0-1"]
[WhiteElo "2134"]
[BlackElo "2319"]
[PlyCount "58"]
[EventDate "2011.04.10"]
[EventType "swiss"]
[EventRounds "9"]
[EventCountry "UAE"]
[Source "lmi"]
[SourceDate "2011.04.09"]

1. d4 Nf6 2. Nf3 g6 3. Bg5 Bg7 4. Nbd2 O-O 5. e4 d5 6. e5 Ne4 7. Bd3 Nxg5 8.
Nxg5 c5 9. h4 c4 10. h5 cxd3 11. Nxh7 dxc2 12. Qf3 Kxh7 13. hxg6+ Kg8 14. Qh5
fxg6 15. Qh7+ Kf7 16. Rh6 Bf5 17. e6+ Kf6 18. g4 Bxh6 19. gxf5 Kxf5 20. Qxh6
Kxe6 21. Rc1 Nc6 22. Qxg6+ Rf6 23. Qg4+ Kd6 24. Qg3+ Kd7 25. Rxc2 Qg8 26. Qd3
Qe6+ 27. Kd1 Qg4+ 28. f3 Qg1+ 29. Nf1 Qxd4 0-1

[Event "13. Dubai open 2011"]
[Site "Dubai UAE"]
[Date "2011.04.16"]
[Round "7.46"]
[White "Daulyte, Deimante"]
[Black "Greeff, Melissa"]
[Result "1-0"]
[WhiteElo "2293"]
[BlackElo "2080"]
[PlyCount "59"]
[EventDate "2011.04.10"]
[EventType "swiss"]
[EventRounds "9"]
[EventCountry "UAE"]
[Source "lmi"]
[SourceDate "2011.04.09"]

1. e4 c5 2. Nf3 e6 3. d4 cxd4 4. Nxd4 a6 5. Be2 b5 6. O-O Bb7 7. c4 bxc4 8. Nd2
d5 9. exd5 Bxd5 10. Nxc4 Nd7 11. Bf4 Ngf6 12. Rc1 Nc5 13. b4 Nce4 14. f3 Bxc4
15. Bxc4 Nd6 16. Bb3 Nb5 17. Ba4 Bxb4 18. Nxb5 axb5 19. Bxb5+ Kf8 20. Qe2 Nd5
21. Bg3 Nc3 22. Qb2 Qe7 23. Rxc3 Bxc3 24. Qxc3 Qa7+ 25. Bf2 Qxa2 26. Bd4 f6 27.
Qc5+ Kf7 28. Qc7+ Kf8 29. Bc4 Qc2 30. Qd6+ 1-0

[Event "13. Dubai open 2011"]
[Site "Dubai UAE"]
[Date "2011.04.16"]
[Round "7.47"]
[White "Esenov, Annaberdi"]
[Black "Arellano, Robert"]
[Result "0-1"]
[WhiteElo "2283"]
[BlackElo "2060"]
[PlyCount "116"]
[EventDate "2011.04.10"]
[EventType "swiss"]
[EventRounds "9"]
[EventCountry "UAE"]
[Source "lmi"]
[SourceDate "2011.04.09"]

1. e4 e5 2. Nf3 d6 3. Bc4 Be7 4. c3 Nf6 5. Qe2 O-O 6. h3 c6 7. Bb3 Nh5 8. Nxe5
g6 9. Ng4 Be6 10. d4 Bg5 11. O-O Bxc1 12. Rxc1 Qg5 13. Re1 Nf4 14. Qf3 h5 15.
Ne3 Nxh3+ 16. Kf1 Nf4 17. g3 Nh3 18. Qg2 Qb5+ 19. c4 Qb6 20. d5 Bg4 21. f4 Nd7
22. Bd1 f5 23. Nc3 Rae8 24. Bxg4 fxg4 25. Qc2 Kg7 26. Kg2 Nf6 27. Re2 h4 28.
Nxg4 Nxf4+ 29. gxf4 Nxg4 30. Qd2 Nf6 31. Rh1 cxd5 32. Nxd5 Nxd5 33. cxd5 Qd8
34. Qd4+ Kg8 35. Qf2 g5 36. f5 Rf7 37. Kf1 Qf6 38. Rg1 Kf8 39. Rg4 b6 40. Rc2
Rfe7 41. Re2 Rc8 42. Kg2 h3+ 43. Kh2 Rh7 44. Qg3 Rh5 45. Rf2 Rc4 46. Re2 Rc5
47. Rd2 Kf7 48. Re2 Rc1 49. Qe3 Qe5+ 50. Rg3 Rc4 51. Qd3 b5 52. Qf3 Rh4 53. Qe3
Rcxe4 54. Qxa7+ Kf6 55. Rf2 Rhg4 56. Qa3 Re2 57. Kxh3 Rxf2 58. Kxg4 Qf4+ 0-1

[Event "13. Dubai open 2011"]
[Site "Dubai UAE"]
[Date "2011.04.16"]
[Round "7.48"]
[White "El Jawich, Amro"]
[Black "Hrabinska, Myroslava"]
[Result "0-1"]
[WhiteElo "2109"]
[BlackElo "2278"]
[PlyCount "78"]
[EventDate "2011.04.10"]
[EventType "swiss"]
[EventRounds "9"]
[EventCountry "UAE"]
[Source "lmi"]
[SourceDate "2011.04.09"]

1. e4 c5 2. Nf3 e6 3. d4 cxd4 4. Nxd4 a6 5. Nc3 Qc7 6. Bd3 Nf6 7. O-O Nc6 8.
Nxc6 dxc6 9. Qe2 e5 10. Kh1 b5 11. f4 Bd6 12. f5 Bc5 13. Bd2 Bb7 14. a4 Rd8 15.
g4 h6 16. Rad1 b4 17. Na2 a5 18. Nc1 Bd4 19. c3 Ba7 20. g5 hxg5 21. Bxg5 c5 22.
Bxf6 gxf6 23. Bc4 Rh4 24. Bd5 Rxd5 25. exd5 c4 26. Rf3 Qd6 27. Nb3 Bxd5 28.
Rxd5 Qxd5 29. Nd2 Ke7 30. Kg2 Rh5 31. Ne4 Rh4 32. Nd2 Qc5 33. Rf1 Qd5+ 34. Rf3
e4 35. Kg3 Qe5+ 36. Kxh4 exf3 37. Qxe5+ fxe5 38. Nxf3 e4 39. Ne1 Bf2+ 0-1

[Event "13. Dubai open 2011"]
[Site "Dubai UAE"]
[Date "2011.04.16"]
[Round "7.49"]
[White "Mehdi, Samer"]
[Black "Abedi, Ali"]
[Result "0-1"]
[WhiteElo "2078"]
[BlackElo "2159"]
[PlyCount "58"]
[EventDate "2011.04.10"]
[EventType "swiss"]
[EventRounds "9"]
[EventCountry "UAE"]
[Source "lmi"]
[SourceDate "2011.04.09"]

1. e4 c5 2. Nf3 e6 3. d4 cxd4 4. Nxd4 Nf6 5. Nc3 d6 6. Qf3 Be7 7. b3 O-O 8. Bb2
a6 9. O-O-O Qc7 10. g4 b5 11. a3 Bb7 12. g5 Nfd7 13. Rg1 Nc6 14. Qh5 Rac8 15.
Rg3 Rfe8 16. Rh3 Nf8 17. Nxc6 Bxc6 18. Bd3 e5 19. f4 Qd8 20. Rg1 Qb6 21. Rf1
exf4 22. Nd5 Qd8 23. Bxg7 Bxd5 24. Bxf8 Bxg5 25. Bxd6 h6 26. Bxf4 Bxe4 27. Rg1
Qf6 28. Qg4 Qa1+ 29. Kd2 Qc3+ 0-1

[Event "13. Dubai open 2011"]
[Site "Dubai UAE"]
[Date "2011.04.16"]
[Round "7.50"]
[White "Mirzoeva, Elmira"]
[Black "Ingcongan, Mama"]
[Result "0-1"]
[WhiteElo "2272"]
[BlackElo "1977"]
[PlyCount "98"]
[EventDate "2011.04.10"]
[EventType "swiss"]
[EventRounds "9"]
[EventCountry "UAE"]
[Source "lmi"]
[SourceDate "2011.04.09"]

1. d4 Nf6 2. Nf3 g6 3. c4 Bg7 4. Nc3 O-O 5. e4 d6 6. Be2 Nbd7 7. O-O c5 8. d5
Re8 9. Bf4 Nf8 10. h3 N6d7 11. Qd2 a6 12. Rab1 Rb8 13. a3 Qa5 14. Rfc1 b5 15.
cxb5 axb5 16. b4 Qxa3 17. Nxb5 Qa4 18. bxc5 Nxc5 19. Rxc5 dxc5 20. Bxb8 Qxe4
21. Rc1 Ba6 22. Bg3 Rc8 23. Qa2 Bb7 24. d6 Ra8 25. Qc2 Ra1 26. Bf1 Qxc2 27.
Rxc2 exd6 28. Nxd6 Ba6 29. Nc4 Ne6 30. Ncd2 Bd3 31. Ne1 Rxe1 32. Ra2 Bd4 33.
Bd6 c4 34. Kh2 Bxf1 35. Nf3 Ra1 36. Rd2 Bf6 37. Ne5 Re1 38. Nd7 Bd4 39. Kg3 c3
40. Ra2 Kg7 41. f4 Re2 42. Ra8 Rxg2+ 43. Kf3 h5 44. Ne5 Rf2+ 45. Kg3 Rxf4 46.
Nf3 h4+ 47. Nxh4 Bf2+ 48. Kh2 Rxh4 49. Be5+ f6 0-1

[Event "13. Dubai open 2011"]
[Site "Dubai UAE"]
[Date "2011.04.17"]
[Round "8.2"]
[White "Sasikiran, Krishnan"]
[Black "Kazhgaleyev, Murtas"]
[Result "1/2-1/2"]
[WhiteElo "2682"]
[BlackElo "2618"]
[PlyCount "72"]
[EventDate "2011.04.10"]
[EventType "swiss"]
[EventRounds "9"]
[EventCountry "UAE"]
[Source "lmi"]
[SourceDate "2011.04.09"]

1. d4 d5 2. c4 c6 3. Nf3 Nf6 4. Nc3 a6 5. a4 e6 6. Bg5 a5 7. e3 Be7 8. Rc1 O-O
9. Bd3 Na6 10. O-O Nb4 11. Bb1 Nd7 12. Bxe7 Qxe7 13. Na2 Nxa2 14. Bxa2 b6 15.
Re1 Bb7 16. cxd5 exd5 17. Bb1 Qd6 18. Qb3 c5 19. Bf5 Nf6 20. Red1 c4 21. Qc2 g6
22. Bh3 Qb4 23. Ne5 Bc8 24. Bxc8 Rfxc8 25. f3 b5 26. axb5 Qxb5 27. Ra1 Rcb8 28.
Rd2 Nd7 29. Nxd7 Qxd7 30. e4 Rb3 31. exd5 Qxd5 32. Qe4 Rd8 33. Qxd5 Rxd5 34.
Ra4 Rb4 35. Rxb4 axb4 36. Kf2 c3 1/2-1/2

[Event "13. Dubai open 2011"]
[Site "Dubai UAE"]
[Date "2011.04.17"]
[Round "8.3"]
[White "Aleksandrov, Aleksej"]
[Black "Fedorov, Alexei"]
[Result "1/2-1/2"]
[WhiteElo "2638"]
[BlackElo "2596"]
[PlyCount "77"]
[EventDate "2011.04.10"]
[EventType "swiss"]
[EventRounds "9"]
[EventCountry "UAE"]
[Source "lmi"]
[SourceDate "2011.04.09"]

1. d4 Nf6 2. c4 g6 3. Nc3 Bg7 4. e4 d6 5. Bd3 O-O 6. Nge2 Nc6 7. O-O Nh5 8. Bc2
e5 9. d5 Ne7 10. a4 a5 11. Ra3 Kh8 12. Nb5 Ng8 13. Ng3 Nxg3 14. Rxg3 b6 15. b4
axb4 16. Bd2 f5 17. exf5 Bxf5 18. Bxb4 Nh6 19. Ra3 Qd7 20. a5 bxa5 21. Rxa5
Rxa5 22. Bxa5 c6 23. Nc7 cxd5 24. Ba4 Qe7 25. Nxd5 Qh4 26. Bb5 Be6 27. Ne3 Nf5
28. Nxf5 Rxf5 29. Qxd6 Bxc4 30. Bxc4 Qxc4 31. Bb6 Bf8 32. Qd8 Qe6 33. Be3 Rf7
34. Rb1 h5 35. h3 Kh7 36. Qa8 Qd5 37. Qa4 Qe6 38. Rb5 Bg7 39. Qb4 1/2-1/2

[Event "13. Dubai open 2011"]
[Site "Dubai UAE"]
[Date "2011.04.17"]
[Round "8.4"]
[White "Gupta, Abhijeet"]
[Black "Volkov, Sergey"]
[Result "1-0"]
[WhiteElo "2580"]
[BlackElo "2621"]
[PlyCount "75"]
[EventDate "2011.04.10"]
[EventType "swiss"]
[EventRounds "9"]
[EventCountry "UAE"]
[Source "lmi"]
[SourceDate "2011.04.09"]

1. d4 d5 2. c4 c6 3. Nc3 Nf6 4. Nf3 a6 5. g3 dxc4 6. a4 e6 7. Bg2 c5 8. dxc5
Qxd1+ 9. Nxd1 Nc6 10. Ne3 Bxc5 11. Nxc4 Nd5 12. O-O f6 13. Rd1 Kf7 14. Nfd2 Rd8
15. Nb3 Ba7 16. Bd2 Rb8 17. Nba5 Nd4 18. e3 b6 19. exd4 bxa5 20. Bxa5 Rd7 21.
Rd2 Bb7 22. Re1 Rc8 23. Bh3 Rc6 24. b3 Bc8 25. Rc2 Ke7 26. Rce2 Rb7 27. Bg2 Kf7
28. Ne3 Rd6 29. Rc2 Bd7 30. Nxd5 exd5 31. Bc7 Rxc7 32. Rxc7 Bb6 33. Rb7 Kf8 34.
Bxd5 g5 35. Rb8+ Kg7 36. Re7+ Kh6 37. Rxb6 Rxd5 38. Rxf6+ 1-0

[Event "13. Dubai open 2011"]
[Site "Dubai UAE"]
[Date "2011.04.17"]
[Round "8.5"]
[White "Akopian, Vladimir"]
[Black "Balogh, Csaba"]
[Result "1/2-1/2"]
[WhiteElo "2675"]
[BlackElo "2601"]
[PlyCount "64"]
[EventDate "2011.04.10"]
[EventType "swiss"]
[EventRounds "9"]
[EventCountry "UAE"]
[Source "lmi"]
[SourceDate "2011.04.09"]

1. e4 e5 2. Nf3 Nc6 3. Bb5 Nf6 4. d3 d6 5. c3 Be7 6. O-O O-O 7. Re1 Bd7 8. Nbd2
Re8 9. Nf1 Bf8 10. Ng3 h6 11. h3 Ne7 12. Bxd7 Qxd7 13. d4 Ng6 14. Be3 exd4 15.
Bxd4 Ne5 16. Nh2 c5 17. Bxe5 Rxe5 18. f4 Re6 19. e5 dxe5 20. fxe5 Rae8 21. Nf3
Nd5 22. c4 Nb6 23. Qc2 f6 24. Rad1 Qc7 25. Ne4 fxe5 26. Rf1 Nc8 27. Rd5 Ne7 28.
Nh4 Nxd5 29. cxd5 Rb6 30. Nf5 Qd7 31. d6 Kh8 32. Qd3 Rd8 1/2-1/2